000 00816nam a22002657a 4500
001 000384
003 DO-SdBNP
005 20171117125831.0
007 000384
008 160713b2011011 sp g||||| ||||f0spa0 spa d
020 _a9788420407289
040 _aBPMSU
_bspa
_cBPMSU
082 4 _a813.54
_bO11m
100 1 _aOates, Joyce Carol,
_d1938-
240 1 0 _aA widow's story.
_lEspañol
245 1 0 _aMemorias de una viuda /
_cJoyce Carol Oates ; traducción de María Luisa Rodríguez Tapia.
260 _aMadrid :
_bAlfaguara,
_c2011.
300 _a469 p. ;
_c24 cm.
650 _aNOVELA ESTADOUNIDENSE
650 _aLITERATURA ESTADOUNIDENSE
700 1 2 _aRodríguez Tapia, María Luisa,
_etr.
942 _2ddc
_cBK
945 _aInventariado, 2017/MFF
956 _2LOPEREZ
_310
_620160713
_8BPMSU
_a00041
999 _c10852
_d10852